000 00389 a2200169 4500
001 001551
003 OSt
005 20211102115546.0
008
082 _a339
_bD84M
100 1 _aDsouza, Errol
245 1 _aMacroeconomics
_cby Errol Desouza
260 _aNew Delhi
_bPearson
_c2008
300 _a480p.
690 _aMacroeconomics
942 _2ddc
_cBK
999 _c39
_d39